01125nam a22001097a 4500008004100000100005600041245007800097260003400175300003300209520073900242773003400981260624b ||||| |||| 00| 0 eng d aAgarwal, Priti Narayan, Akanksha and Dutta, Aaina  aMangroves in India: Spatial and temporal dynamics of carbon sequestration aEconomic & Political Weekly  a61(23), Jun 6, 2026: p.18-21 aMangroves are critical carbon sinks, yet changes in their extent and density complicate assessments of carbon sequestration potential. Using recent data (2021–23), this article examines spatial and temporal shifts in India’s mangrove cover across states and density classes. While transitions towards denser categories enhance ecological function, simultaneous divergent changes require nuanced interpretation. By incorporating carbon stock differentials across density classes, the analysis shows that West Bengal and Tamil Nadu experienced net losses in carbon storage potential, whereas Gujarat and Odisha registered net gains over 2021–23. – Reproduced https://www.epw.in/journal/2026/23/commentary/mangroves-india.html  aEconomic & Political Weekly